Fruits and Vegetables in Spanish Quiz Stats

 Plays Quiz Updated Mar 19, 2020

Support Sporcle.
Go Orange.
Score 0/20 Timer 04:00
0 Plays Today
Fruit or Vegetable En español % Correct
OrangeLa naranja
85%
AppleLa manzana
82.5%
PotatoLa papa
77.3%
TomatoEl tomate
75%
PineappleLa piña
74.6%
StrawberryLa fresa
71.4%
LettuceLa lechuga
69.6%
GrapeLa uva
69.2%
BananaEl plátano
63.3%
OnionLa cebolla
62%
Fruit or Vegetable En español % Correct
CarrotLa zanahoria
51.4%
GarlicEl ajo
46.7%
OliveLa aceituna
40.8%
WatermelonLa sandía
38.6%
SpinachLa espinaca
37.9%
MushroomEl champiñón
34.8%
CherryLa cereza
34.6%
PeachEl durazno
33.1%
AsparagusEl espárrago
22.2%
ZucchiniEl calabacín
14.4%

From the Vault

Inside Famous Landmarks

by jonesjeffum

Sure, the outside of these famous places are amazing, but no one ever talks about what's inside.
Remove Ads.
Support Sporcle.
Get the best of Sporcle when you Go Orange. This ad-free experience offers more features, more stats, and more fun while also helping to support Sporcle. Thank you for becoming a member.

Show Comments

Extras

Top Quizzes Today


Score Distribution

Your Account Isn't Verified!

In order to create a playlist on Sporcle, you need to verify the email address you used during registration. Go to your Sporcle Settings to finish the process.

Report this User

Report this user for behavior that violates our Community Guidelines.

Details: